Giáo trình hóa học lượng tử
Nội dung tài liệu giới thiệu những kiến thức cơ bản về cơ học lượng tử, dao động điều hoà, mô men góc, nguyên tử hydro và orbital nguyên tử, nguyên tử He và phương pháp gần đúng, nguyên tử nhiều electron, cấu trúc điện tử của phân tử...
محفوظ في:
| المؤلف الرئيسي: | |
|---|---|
| التنسيق: | كتاب |
| اللغة: | Undetermined |
| منشور في: |
Cần Thơ
Nxb. Đại học Cần Thơ
2015
|
| الموضوعات: | |
| الوسوم: |
إضافة وسم
لا توجد وسوم, كن أول من يضع وسما على هذه التسجيلة!
|
| Thư viện lưu trữ: | Trung tâm Học liệu Trường Đại học Cần Thơ |
|---|
| LEADER | 01132nam a2200205Ia 4500 | ||
|---|---|---|---|
| 001 | CTU_199603 | ||
| 008 | 210402s9999 xx 000 0 und d | ||
| 020 | |c 70000 | ||
| 082 | |a 541.28 | ||
| 082 | |b Nh124 | ||
| 100 | |a Phạm, Vũ Nhật | ||
| 245 | 0 | |a Giáo trình hóa học lượng tử | |
| 245 | 0 | |c Phạm Vũ Nhật (chủ biên), Võ Hồng Thái | |
| 260 | |a Cần Thơ | ||
| 260 | |b Nxb. Đại học Cần Thơ | ||
| 260 | |c 2015 | ||
| 520 | |a Nội dung tài liệu giới thiệu những kiến thức cơ bản về cơ học lượng tử, dao động điều hoà, mô men góc, nguyên tử hydro và orbital nguyên tử, nguyên tử He và phương pháp gần đúng, nguyên tử nhiều electron, cấu trúc điện tử của phân tử hai nguyên tử, đối xứng và orbital phân tử, các tính toán dựa trên phương pháp Huckel MO | ||
| 650 | |a Quantum chemistry,Hóa học lượng tử | ||
| 904 | |i Tuyến | ||
| 980 | |a Trung tâm Học liệu Trường Đại học Cần Thơ | ||